| 000 | 00556nam a2200205Ia 4500 | ||
|---|---|---|---|
| 003 | GCL | ||
| 008 | 140319s9999 xx 000 0 eng d | ||
| 020 | _a1857431871 | ||
| 040 |
_aGCL / _cGCL |
||
| 082 | 0 | 4 |
_aREF _b943 _bE E |
| 245 | 1 | 0 | _aEASTERN EUROPE RUSSIA AND CENTRAL ASIA 2004 |
| 250 | _a4 | ||
| 260 |
_aانجلترا : _bEUROPA PUBLICATIONS LIMITED ، _c2003 |
||
| 300 |
_a722 P ؛ _c28 cm. |
||
| 490 |
_aREGIONAL SUVEYS OF WORLD _v0 |
||
| 650 | 0 | 4 | _aEASTERN EUROPE |
| 650 | 0 | 4 | _aASIA - HISTORY |
| 650 | 0 | 4 | _aRUSSIA - HISTORY |
| 942 |
_2ddc _cREF |
||
| 999 |
_c5884 _d5884 |
||